Mémoires du Duc de Raguse de 1792 à 1832 (Record no. 158792)

MARC details
000 -LEADER
campo de control de longitud fija 00921nam a2200193 i 4500
001 - NÚMERO DE CONTROL
campo de control 158792
003 - IDENTIFICADOR DE NÚMERO DE CONTROL
campo de control ES-MaACL
005 - FECHA Y HORA DE LA ÚLTIMA TRANSACCIÓN
campo de control 20230906211323.0
008 - DATOS DE LONGITUD FIJA--INFORMACIÓN GENERAL
campo de control de longitud fija 010706s1857 fr af |||| | fre d
040 ## - FUENTE DE CATALOGACIÓN
Centro catalogador/agencia de origen CCPB | B
Lengua de catalogación spa
Centro/agencia transcriptor CCPB | B
100 1# - ENTRADA PRINCIPAL--NOMBRE DE PERSONA
Nombre de persona Marmont, Auguste Fréderic Louis
Títulos y otros términos asociados al nombre Viesse de, Duc de Raguse.
9 (RLIN) 129517
245 10 - MENCIÓN DEL TÍTULO
Título Mémoires du Duc de Raguse de 1792 à 1832
Resto del título : imprimés sur le manuscrit original de l'auteur, avec le portrait du Duc de Reischstadt celui du Duc de Raguse et quatre fac-simile.
260 ## - PUBLICACIÓN, DISTRIBUCIÓN, ETC.
Lugar de publicación, distribución, etc. Paris :
Nombre del editor, distribuidor, etc. Perrotin,
Fecha de publicación, distribución, etc. 1857.
300 ## - DESCRIPCIÓN FÍSICA
Extensión 9 v. :
Otras características físicas il. ;
Dimensiones 23 cm.
510 3# - NOTA DE CITAS O REFERENCIAS BIBLIOGRÁFICAS
Nombre de la fuente WWW BNP, 15/03/05
597 #1 - NOTA DE DESCRIPCIÓN FÍSICA
NOTA DE DESCRIPCIÓN FÍSICA T.I (456 p.) -- T.II (413 p.) -- T.IV (479 p.) -- T.V (400 p.) -- T.VI (431 p.) -- T.VII (441 p.) -- t.VIII (441 p.) -- t. IX (456 p.)
600 14 - PUNTO DE ACCESO ADICIONAL DE MATERIA--NOMBRE DE PERSONA
Nombre de persona Marmont, Auguste Fréderic Louis
Títulos y otros términos asociados al nombre Viesse de, Duc de Raguse-
Subdivisión general Biografías.
9 (RLIN) 129518
852 ## - LOCALIZACIÓN
Ubicación ES-MaACL
Número de control de estantería G-1361-69
Nota libre -- Enc. hol.
Holdings
Estatus retirado Estado de pérdida Estado de daño No para préstamo Colección Biblioteca de origen Biblioteca actual Ubicación en estantería Fecha de adquisición Total de préstamos Signatura topográfica completa Código de barras Visto por última vez Precio de reemplazo Tipo de ítem Koha
        Libros del s. XIX Biblioteca del Ateneo de Madrid Biblioteca del Ateneo de Madrid Depósito 2 17/01/2008   G-1361-69 1166205 23/02/2023 23/02/2023 Libro impreso antiguo